MARC details
| 000 -CABECERA |
| campo de control de longitud fija |
01090cam a2200217 a 4500 |
| 001 - NÚMERO DE CONTROL |
| campo de control |
000002873 |
| 005 - FECHA Y HORA DE LA ÚLTIMA TRANSACCIÓN |
| campo de control |
20200929150257.0 |
| 008 - DATOS DE LONGITUD FIJA--INFORMACIÓN GENERAL |
| campo de control de longitud fija |
890215s1987 ec a 011 0 spa |
| 040 ## - FUENTE DE LA CATALOGACIÓN |
| Centro catalogador/agencia de origen |
DO-SdBNP |
| Centro/agencia transcriptor |
DLC |
| Centro/agencia modificador |
DLC |
| 082 ## - NÚMERO DE LA CLASIFICACIÓN DECIMAL DEWEY |
| Número de clasificación |
526.6 |
| Número de documento/Ítem |
C719m |
| 111 2# - ENTRADA PRINCIPAL--NOMBRE DE CONGRESO/REUNIÓN |
| Nombre de congreso/reunión o jurisdicción como elemento de entrada |
Coloquio Ecuador 86 |
| Fecha del congreso/reunión |
1986 : |
| Sede del congreso/Lugar de la reunión |
Quito, Ecuador |
| 9 (RLIN) |
9124 |
| 245 13 - MENCIÓN DE TÍTULO |
| Título |
La Misión Geodésica Francesa : |
| Resto del título |
homenaje en su 250 aniversario, discursos pronunciados en la inauguración y clausura del "Coloquio Ecuador 86" celebrado en Quito a partir del 7 de julio de 1986. |
| 260 ## - PUBLICACIÓN, DISTRIBUCIÓN, ETC. |
| Lugar de publicación, distribución, etc. |
Quito : |
| Nombre del editor, distribuidor, etc. |
Comisión Nacional Permanente de Conmemoraciones Cívicas, |
| -- |
Casa de la Cultura Ecuatoriana "Benjamín Carrión", |
| Fecha de publicación, distribución, etc. |
1987. |
| 300 ## - DESCRIPCIÓN FÍSICA |
| Extensión |
242 p. : |
| Otras características físicas |
il. ; |
| Dimensiones |
18 cm. |
| 650 #4 - PUNTO DE ACCESO ADICIONAL DE MATERIA--TÉRMINO DE MATERIA |
| Término de materia o nombre geográfico como elemento de entrada |
Geodésica |
| Subdivisión geográfica |
Ecuador |
| Subdivisión general |
Congreso |
| 9 (RLIN) |
9125 |
| 610 24 - PUNTO DE ACCESO ADICIONAL DE MATERIA--NOMBRE DE ENTIDAD CORPORATIVA |
| Nombre de entidad corporativa o nombre de jurisdicción como elemento de entrada |
MISIÓN GEODÉSICA FRANCESA |
| Subdivisión general |
CONGRESOS Y ASAMBLEAS |
| 9 (RLIN) |
9126 |
| 650 #4 - PUNTO DE ACCESO ADICIONAL DE MATERIA--TÉRMINO DE MATERIA |
| Término de materia o nombre geográfico como elemento de entrada |
Geodésica |
| Subdivisión cronológica |
SIGLO XVIII |
| Subdivisión general |
Congresos y asamblea |
| 9 (RLIN) |
9127 |
| 710 1# - PUNTO DE ACCESO ADICIONAL--NOMBRE DE ENTIDAD CORPORATIVA |
| Nombre de entidad corporativa o nombre de jurisdicción como elemento de entrada |
Ecuador. |
| Unidad subordinada |
Comisión Nacional Permanente de Conmemoraciones Cívicas. |
| 9 (RLIN) |
9128 |
| 710 2# - PUNTO DE ACCESO ADICIONAL--NOMBRE DE ENTIDAD CORPORATIVA |
| Nombre de entidad corporativa o nombre de jurisdicción como elemento de entrada |
Casa de la Cultura Ecuatoriana "Benjamín Carrión." |
| 9 (RLIN) |
9129 |
| 910 ## - DATOS DE OPCIÓN DEL USUARIO (OCLC) |
| Datos de opción del usuario |
Catalogación por copia / LC |